Statistiques concernant Top 20 des villes les plus froides de France en moyenne

Cliquez ici pour prendre le quiz!

Statistiques générales

  • Ce quiz a été pris 45 fois
  • Le résultat moyen est 7 sur 20

Statistiques - réponses

Température en
moyenne annuelle
Villes% Correct
10,8°CLille
88%
10,9°CStrasbourg
83%
10,8°CMulhouse
58%
10°CNancy
58%
10,7°CMetz
55%
10,9°CColmar
50%
10,8°CAmiens
40%
10,5°CArras
35%
10°CCharleville-Mezière
35%
10,8°CTroyes
35%
10,7°CBeauvais
25%
10,6°CValenciennes
25%
9,8°CLangres
23%
10°CÉpinal
20%
10,6°CAbbeville
8%
10,8°CEvreux
8%
10,9°CNevers
8%
10,4°CChâtillon-sur-Seine
3%
10,8°CMourmelon-Grand
3%
10,8°CVire Normandie
3%

Distribution des résultats

Percentile par nombre de réponses

% des personnes avec chaque résultat

Votre développement - résultats

Vous n’avez pas pris ce quiz